Thai Airways Destinations - Statistics

General Stats
  • This quiz has been taken 178 times
  • The average score is 42 of 85
Answer Stats
Country City % Correct
Australia Sydney
95%
China Beijing
92%
Hong Kong Hong Kong
89%
Australia Melbourne
89%
Australia Perth
89%
Belgium Brussels
84%
Austria Vienna
84%
Denmark Copenhagen
82%
Australia Brisbane
80%
Bangladesh Dhaka
80%
Germany Frankfurt
78%
Indonesia Jakarta
77%
Germany Munich
76%
India New Delhi
76%
India Mumbai
74%
China Guangzhou
72%
Cambodia Phnom Penh
72%
Japan Osaka
69%
Indonesia Denpasar
68%
Singapore Singapore
67%
Malaysia Kuala Lumpur
66%
Taiwan Taipei
66%
Vietnam Hanoi
65%
Vietnam Ho Chi Minh City
64%
Philippines Manila
64%
Norway Oslo
64%
Thailand Phuket
63%
New Zealand Auckland
62%
China Chengdu
60%
Nepal Kathmandu
60%
India Hyderabad
58%
Pakistan Islamabad
58%
India Kolkata
58%
Switzerland Zurich
58%
Oman Muscat
57%
India Chennai
56%
Thailand Chiang Mai
56%
Sri Lanka Colombo
56%
Pakistan Karachi
55%
Cambodia Siem Reap
55%
China Xiamen
55%
India Bengaluru
53%
China Chongqing
53%
Japan Nagoya
53%
Japan Sapporo
53%
Saudi Arabia Jeddah
52%
Laos Vientiane
52%
Japan Fukuoka
50%
Pakistan Lahore
50%
Myanmar Yangon
50%
Japan Tokyo-Narita
49%
India Ahmedabad
47%
China Kunming
47%
United Kingdom London-Heathrow
44%
Thailand Chiang Rai
41%
South Korea Seoul-Incheon
39%
Thailand Krabi
38%
Italy Milan–Malpensa
35%
Malaysia Penang
35%
China Shanghai-Pudong
32%
Sweden Stockholm-Arlanda
32%
Saudi Arabia Medina
30%
Italy Rome-Fiumicino
30%
Taiwan Kaohsiung
29%
Japan Sendai
29%
China Changsha
26%
Thailand Hat Yai
26%
India Lucknow
26%
India Jaipur
24%
China Zhengzhou
24%
Malaysia Kota Kinabalu
23%
Laos Luang Prabang
23%
Russia Moscow-Domodedovo
23%
Thailand Surat Thani
23%
France Paris-Charles de Gualle
22%
United Arab Emirates Dubai-International
21%
Thailand Udon Thani
18%
India Gaya
17%
India Varanasi
17%
Thailand Bangkok-Suvarnabhumi
16%
Thailand Khon Kaen
16%
Thailand Ubon Ratchathani
10%
Thailand Narathiwat
9%
Japan Tokyo-Heneda
5%
South Korea Bursan
2%
No matching quizzes found
Score Distribution
Percent of People with Each Score
Percentile by Number Answered
Your Score History
You have not taken this quiz